Statistics for Countries which share an island

Click here to take the quiz!

General Stats

  • This quiz has been taken 39 times
  • The average score is 20 of 28

Answer Stats

HintAnswer% Correct
Shares TimorEast Timor
97%
Shares for example* New GuineaIndonesia
97%
Shares Ireland (for example)UK
97%
Shares new GuineaPapua new Guinea
95%
Shares BorneoBrunei
92%
Shares CyprusCyprus
92%
Shares HispaniolaDominican Republic
89%
Shares IrelandIreland
89%
Shares BorneoMalaysia
89%
Shares saint MartinFrance
87%
Shares HispaniolaHaiti
87%
Shares saint MartinNetherlands
84%
Shares Dall islandUSA
84%
Shares Dall island (for example)Canada
82%
Shares Koiluoto (for example)Russia
79%
Shares Kataja (for example)Finland
68%
Shares Adams bridge (island not bridge)India
68%
Shares Kataja (for example)Sweden
68%
Shares UsedomGermany
63%
Shares Adams bridge (island not bridge)Sri Lanka
63%
Shares TDF (Abbreviation)Argentina
55%
Shares UsedomPoland
55%
Shares TDF(Abbreviation)Chile
53%
Shares Cyprus in opinion of someNorthern Cyprus
45%
Shares Passport (island)Bahrain
39%
Shares Passport (island)Saudi Arabia
37%
Shares Musura (for example)Ukraine
37%
Shares MursulaRomania
21%

Score Distribution

Percentile by Number Answered

Percent of People with Each Score

Your Score History

You have not taken this quiz